00658 2200229 4500001002100000005001700021008004100038035002400079082001100103090001800114100002000132245011200152250001000264260002600274300002500300650003100325700002400356850001200380980001500392985000600407999001500413YOGYA-0209000005900520090227034601.0 ind  0010-020900000059005 a425.07 a425.07bChr E aCHRISTOMO, Desy aElementary english grammarbTata bahasa inggris permulaan sistem 36 jamcDesy Christomo, yan Pramadya Puspa aCet.1 aSemarangbAnekac1979 a178 hlmbilusc19 cm aTata bahasa bahasa Inggris aPuspa, Yan Pramadya aYOPDYOG a26-07-2008 a1 aP000009150